Quizzes
Events
Quiz Creation
Community
Videos
Private Events
Remove Ads
Sign In
Join for FREE
Feedback
Dark Mode
Quiz Categories
Sports
Geography
Music
Movies
Television
Just For Fun
Miscellaneous
History
Literature
Language
Science
Gaming
Entertainment
Religion
Holiday
For Kids
Quiz Lab
Recent
Popular Today
Quiz Kudos Today
Editor Picks
Curator Picks
Quizzes by...
Day
Popularity
Type
Ratings
Length
Year
Community
Subscriptions
Recent Discussions
Orange Saloon
Badges
Playlists
Quests
Create
Leaderboards
Showdown
Live 5
Trivia Bingo
Activity
Puzzle Library
Sporcle Events
Private Events
Virtual Trivia
Globe League
Become a Host
Pub Owners
SporcleCon
Opinionation
Our Games
Videos
Blog
Mobile Apps
Partnerships
Remove Ads and Go Orange
Feedback
Holiday
Halloween
Christmas
Holiday Songs
April Fools'
Thanksgiving
Valentine's Day
Easter
St Patrick's Day
National Holiday
Religious Holiday
Holiday
Halloween
Christmas
Holiday Songs
April Fools'
Thanksgiving
Valentine's Day
Easter
St Patrick's Day
National Holiday
Religious Holiday
Random Quiz
Search Sporcle
×
Curator Pick
Curator Pick
Holiday
Mixed Word
Type in answers that appear in a list
Type in answers that appear in a list
Classic
Best Score? Go Orange.
Mixed Word Christmas Stats
Can you name the Mixed Word Christmas?
By
YankeesIndians
4m
20 Questions
1,593 Plays
1,593 Plays
1,593 Plays
Comments
Comments
Give Quiz Kudos
Give Quiz Kudos
-
- Ratings
hide this ad
More Info
Replay
Link that replays current quiz
Next Quiz
Link to next quiz in quiz playlist
You Got
0%
They Got
Avg Score
80%
Avg Friend Score
Upgrade to see
Score Distribution
Jump to the score distribution portion of the page
Score
0/20
Timer
04:00
0
Plays Today
Mixed Word
% Correct
klim
Milk
96.8%
okctnigs
Stocking
96.4%
rtee
Tree
96.4%
yjo
Joy
95.3%
ntasa
Santa
94.5%
leon
Noel
94.1%
fgti
Gift
93.9%
yabb usejs
Baby Jesus
93.6%
leighs
Sleigh
93.1%
rast
Star
91.2%
Mixed Word
% Correct
nydac naec
Candy Cane
86%
deerrien
Reindeer
86%
evnix
Vixen
80%
retsenp
Present
78.7%
lsvee
Elves
72.9%
nercad
Dancer
70.5%
asderh
Dasher
65.1%
kioosec
Cookies
62.9%
rgeona
Orange
39.3%
roamtenn
Ornament
30.1%
Quiz Playlist
Details
Report
Send in Message
Add To Playlist
More Info:
Merry Christmas Everyone and a Happy New Year.
Classic:
Type in answers that appear in a list
Last Updated: Feb 16, 2017
Curator Pick in
Mixed Word
Quiz Scoreboard
CHALLENGE
Sign Up to Join the Scoreboard
Show All
Scores
Hide
Comments
May contain spoilers
Recently Published
Movies - When Are They Set?
by FPL_Elf
Movies
5m
Popular People in 1961
by mucciniale
History
6m
1-10 Letter E Words III
by El_Dandy
Language
2m
More to Explore
Quiz From the Vault
Featured Blog Post
Where Did the Easter Bunny Come From?
hide this ad
You Might Also Like...
Tags
Christmas Quiz
Mixed Word Quiz
Religious Holiday Quiz
Sporcle Quiz
December
Mixed
Today's Top Quizzes in Holiday
Browse Holiday
hide this ad
Today's Top Quizzes in Mixed Word
Browse Mixed Word
Top Contributed Quizzes in Holiday
1
Easter - Did You Know?
2
Holidays Spelling Bee
3
Show What You Know: US Federal Holidays
4
The Holiday Category, A to Z
5
3-per Word Ladder: Listen Up!
6
Slices of Holidays
7
Europapark rides
8
10 to 1: Ramadan
9
Missing Letter Holidays
10
The 3rd thing you need to know: Halloween
Explore More
Trending Topics
NBA
Crossword
Kpop
Harry Potter
Disney
Marvel
Anime
Soccer
NFL
WWE
Song
Country
The Office
Pokémon
Puzzle
hide this ad
More By:
YankeesIndians
Quiz
Plays
Rating
Category
Featured
Created
Mixed Word Minecraft
1,634
4.83
Gaming
May 28, 2013
Mixed Word Christmas
1,593
3.53
Holiday
Nov 24, 2011
Mixed Word: St. Patricks Day
998
4.00
Holiday
Feb 22, 2012
Mixed Word Easter
637
3.50
Holiday
Nov 28, 2011
Mixed word Memorial Day
563
4.40
Holiday
May 28, 2012
Go to Creator's Profile
Score Distribution
Quiz Creator Spotlight
YankeesIndians
Follow
Send a Message
Quizzes Created
-
Created Quiz Play Count
-
More By This Creator
Popular Quizzes Today
1
Find the Countries of Europe - No Outlines Minefield
2
Find the US States - No Outlines Minefield
3
The Countries of the World
4
Popular People in 1961
5
US States
6
1-10 Letter E Words III
7
Find the US States
8
One Thing in Common: World Cities II
More Holiday Quizzes
Anything but the Picture: Holiday
Published
Trending Quizzes
Risky Map Clicking: Least Populous States A-Z
1-10 Letter F Words
1-10 Letter G Words
One Thing in Common: United Kingdom
Risky Map Clicking: Next State Alphabetically
Recently Updated
Leaping Animals
pecheneg
Reality TV Shows (A-Z)
bhenderson79
Rickey Henderson's Hall of Fame Teammates
pecheneg
Champions League XIs: Arsenal
pecheneg
Quick Pick: Celebrities in WWE's Hall of Fame
aduchscher
A-Z Keypad Blitz II
pecheneg
Multiple Oscar Actors
pecheneg
Mystery Phrase Blitz: Oscar 'Best Actors'
pecheneg
F. Scott Fitzgerald Novels
LTH
Pick 3 Villains
ddd62291
Trending Topics
Disney
Marvel
Crossword
Harry Potter
Kpop
Anime
NBA
NFL
Puzzle
WWE
Song
Country
Pokémon
The Office
Soccer
Your Account Isn't Verified!
In order to create a playlist on Sporcle, you need to verify the email address you used during registration. Go to your
Sporcle Settings
to finish the process.
Report this User
Report this user for behavior that violates our
Community Guidelines
.
Details:
Send Report
Go to the Sporcle.com Mobile Site →
Comments